[Event "SB-2019-0-00574"]
[Site "LSS email"]
[Date "2019.06.14"]
[Round "?"]
[White "Mary, Patrick"]
[Black "Buczinski, Henryk"]
[Result "1-0"]
[WhiteElo "2050"]
[BlackElo "1824"]
[PlyCount "73"]
[EventDate "2019.04.26"]
[EventType "tourn (corr)"]
[EventRounds "6"]
[EventCountry "GER"]
[SourceTitle "Corr 2022"]
[Source "ChessBase"]
[SourceDate "2021.10.24"]
[SourceVersion "1"]
[SourceVersionDate "2021.10.24"]
[SourceQuality "1"]

1. e4 e5 2. Nf3 Nc6 3. Bb5 a6 4. Ba4 Nf6 5. 0-0 Bc5 6. c3 Ba7 7. d4 0-0 8. Bg5 h6 9. Bh4 g5 10. Nxg5 hxg5 11. Bxg5 Re8 12. d5 Nb8 13. Kh1 b5 14. f4 Be3 15. Qe1 d6 16. Qxe3 Ng4 17. Qg3 exf4 18. Qxf4 f6 19. Bd1 Qe7 20. Bxg4 fxg5 21. Qg3 Qe5 22. Qh3 Bxg4 23. Qxg4 Qg7 24. Rf5 Re5 25. Rxe5 dxe5 26. Nd2 Nd7 27. Qe6+ Qf7 28. Qc6 Rf8 29. Qxc7 Qf2 30. Qxd7 Qxd2 31. Qe6+ Kg7 32. Qxe5+ Kg6 33. d6 Rf6 34. Qe8+ Kg7 35. d7 Rd6 36. Qe7+ Kg8 37. Rf1 1-0

[Event "SA-2019-0-00678"]
[Site "LSS email"]
[Date "2019.03.29"]
[Round "?"]
[White "Mary, Patrick"]
[Black "Susla, Vitaliy"]
[Result "0-1"]
[WhiteElo "2045"]
[BlackElo "2311"]
[PlyCount "68"]
[EventDate "2019.03.17"]
[EventType "tourn (corr)"]
[EventRounds "6"]
[EventCountry "GER"]
[SourceTitle "Corr 2022"]
[Source "ChessBase"]
[SourceDate "2021.10.24"]
[SourceVersion "1"]
[SourceVersionDate "2021.10.24"]
[SourceQuality "1"]

1. e4 c5 2. Nf3 d6 3. d4 cxd4 4. Nxd4 Nf6 5. Nc3 a6 6. Bg5 Nbd7 7. Qe2 h6 8. Bh4 g6 9. f4 e5 10. fxe5 dxe5 11. 0-0-0 Qc7 12. Nb3 b5 13. Qf3 Bg7 14. a3 Bb7 15. Bd3 0-0 16. Kb1 Rab8 17. Bf2 Bc6 18. Be1 a5 19. Nd5 Bxd5 20. exd5 b4 21. axb4 axb4 22. Bf2 Ne8 23. h4 Nd6 24. g4 e4 25. Bxe4 Ra8 26. Bd3 Ra4 27. h5 Bxb2 28. hxg6 Rfa8 29. Bb5 Ra2 30. Bc6 Ne5 31. gxf7+ Ndxf7 32. Bxa8 Nxf3 33. d6 Qc4 34. Kxa2 Bg7 0-1

[Event "SB-2018-0-00539"]
[Site "LSS email"]
[Date "2018.07.12"]
[Round "?"]
[White "Mary, Patrick"]
[Black "Csernus, Robert"]
[Result "1/2-1/2"]
[WhiteElo "2031"]
[BlackElo "2060"]
[PlyCount "150"]
[EventDate "2018.06.13"]
[EventType "tourn (corr)"]
[EventRounds "6"]
[EventCountry "GER"]
[SourceTitle "Corr 2022"]
[Source "ChessBase"]
[SourceDate "2021.10.24"]
[SourceVersion "1"]
[SourceVersionDate "2021.10.24"]
[SourceQuality "1"]

1. d4 Nf6 2. c4 e6 3. Nf3 b6 4. a3 Bb7 5. Bf4 Be7 6. Nc3 0-0 7. d5 Nh5 8. Bd2 exd5 9. cxd5 c6 10. e4 cxd5 11. exd5 Na6 12. Be2 Nc7 13. Be3 Bd6 14. 0-0 Nf6 15. Bc4 b5 16. Bb3 b4 17. axb4 Bxb4 18. h3 Re8 19. Bd4 a5 20. Ne5 Bxc3 21. bxc3 Bxd5 22. Ba4 Ra6 23. c4 Bb7 24. Bb2 Qb8 25. Qc2 Re7 26. Qb3 Nce8 27. Nf3 Qc7 28. Nd4 Nd6 29. Qg3 Qb6 30. Nb5 Nf5 31. Qh2 Ne8 32. Rfe1 Qd8 33. Qf4 Rxe1+ 34. Rxe1 Re6 35. Rd1 Nh4 36. Nd4 Rb6 37. Nf5 Nxg2 38. Qe5 Re6 39. Nh6+ Kf8 40. Rxd7 Qxd7 41. Ba3+ Qd6 42. Bxd6+ Nxd6 43. Qxa5 gxh6 44. c5 Nf4 45. cxd6 Rg6+ 46. Kf1 Bg2+ 47. Ke1 Re6+ 48. Kd2 Rxd6+ 49. Kc2 Bc6 50. Qb4 Bxa4+ 51. Kb1 Ke7 52. Qxf4 Bd7 53. Kc1 Rc6+ 54. Kd2 Rd6+ 55. Ke1 Re6+ 56. Kf1 Rg6 57. Qb4+ Ke8 58. Qb8+ Ke7 59. Qb4+ Ke8 60. h4 Bg4 61. Qb8+ Ke7 62. Qc7+ Kf8 63. Qc3 Kg8 64. f3 Bh3+ 65. Kf2 Rg2+ 66. Ke3 h5 67. Qe5 Rg6 68. Kd2 h6 69. Qxh5 Rf6 70. Qd5 Rf5 71. Qd3 Kh8 72. Qb3 Kg7 73. Qc3+ Kg8 74. Ke3 Rh5 75. Qf6 Be6 1/2-1/2

[Event "SB-2017-0-00495"]
[Site "LSS email"]
[Date "2017.04.28"]
[Round "?"]
[White "Mary, Patrick"]
[Black "Crapulli, Giuseppe"]
[Result "1/2-1/2"]
[WhiteElo "2094"]
[BlackElo "1860"]
[PlyCount "104"]
[EventDate "2017.04.01"]
[EventType "tourn (corr)"]
[EventRounds "6"]
[EventCountry "GER"]
[SourceTitle "Corr 2022"]
[Source "ChessBase"]
[SourceDate "2021.10.24"]
[SourceVersion "1"]
[SourceVersionDate "2021.10.24"]
[SourceQuality "1"]

1. e4 c5 2. Nf3 d6 3. d4 cxd4 4. Nxd4 Nf6 5. Nc3 a6 6. Be2 e6 7. 0-0 Be7 8. Qd3 Nc6 9. Nxc6 bxc6 10. Qg3 0-0 11. Rd1 Qc7 12. Bh6 Ne8 13. Be3 Rb8 14. b3 f5 15. exf5 Bf6 16. Bg5 Bxg5 17. Qxg5 Rxf5 18. Qe3 Nf6 19. Bd3 Rh5 20. Qg3 e5 21. Ne4 Nxe4 22. Bxe4 Bd7 23. Qd3 Rh6 24. c4 Be8 25. Rd2 Bg6 26. Re1 Bxe4 27. Rxe4 a5 28. h3 Rf8 29. Qc3 c5 30. f3 Rhf6 31. Qc2 Qc6 32. Rd3 Ra8 33. Qd2 h6 34. Rd5 Ra6 35. f4 Rxf4 36. Rxf4 exf4 37. Qxf4 a4 38. Qe4 axb3 39. Qe6+ Kh7 40. axb3 Qc7 41. Qe4+ Kh8 42. Qe8+ Kh7 43. Rf5 Ra1+ 44. Kh2 d5+ 45. Qe5 Qxe5+ 46. Rxe5 Rd1 47. cxd5 Rd3 48. d6 Rxb3 49. Rd5 Rb8 50. Rxc5 Kg6 51. d7 Rd8 52. Rc7 Kf7 1/2-1/2

[Event "SB-2017-0-00495"]
[Site "LSS email"]
[Date "2017.04.28"]
[Round "?"]
[White "Mary, Patrick"]
[Black "Herzog, Agnes"]
[Result "1-0"]
[WhiteElo "2094"]
[BlackElo "1941"]
[PlyCount "107"]
[EventDate "2017.04.01"]
[EventType "tourn (corr)"]
[EventRounds "6"]
[EventCountry "GER"]
[SourceTitle "Corr 2022"]
[Source "ChessBase"]
[SourceDate "2021.10.24"]
[SourceVersion "1"]
[SourceVersionDate "2021.10.24"]
[SourceQuality "1"]

1. e4 e5 2. Nf3 Nc6 3. Bc4 Bc5 4. d3 Nf6 5. 0-0 d6 6. c3 a6 7. b4 Ba7 8. a4 h6 9. Re1 0-0 10. Nbd2 Ne7 11. Nf1 Ng6 12. Be3 c6 13. Bxa7 Rxa7 14. a5 Ra8 15. Bb3 Re8 16. Ne3 d5 17. exd5 cxd5 18. Rc1 Be6 19. d4 e4 20. Ne5 Nf4 21. f3 Rc8 22. Rf1 exf3 23. Rxf3 Ng6 24. Ba4 Nxe5 25. dxe5 Nd7 26. Qd4 Qc7 27. Bxd7 Qxd7 28. Rd1 Qc7 29. Rd3 Red8 30. Qf4 b6 31. Rg3 Kh8 32. Ng4 Bxg4 33. Qxg4 Qxe5 34. Rde3 Qf6 35. Rgf3 Qg6 36. Qxg6 fxg6 37. axb6 d4 38. Rd3 Rb8 39. Kf2 Kg8 40. Rxd4 Rxd4 41. cxd4 Rxb6 42. Rb3 Kf7 43. Ke3 Ke7 44. Ke4 g5 45. Kd5 Kd7 46. Rb2 Rb5+ 47. Kc4 Rf5 48. Ra2 Rf6 49. d5 g4 50. Kc5 g6 51. g3 h5 52. Kc4 g5 53. Kc5 h4 54. Rg2 1-0

[Event "SA-2017-0-00562"]
[Site "LSS email"]
[Date "2017.01.31"]
[Round "?"]
[White "Celan, Melissa"]
[Black "Mary, Patrick"]
[Result "1/2-1/2"]
[WhiteElo "2081"]
[BlackElo "2136"]
[PlyCount "75"]
[EventDate "2017.01.01"]
[EventType "tourn (corr)"]
[EventRounds "6"]
[EventCountry "GER"]
[SourceTitle "Corr 2022"]
[Source "ChessBase"]
[SourceDate "2021.10.24"]
[SourceVersion "1"]
[SourceVersionDate "2021.10.24"]
[SourceQuality "1"]

1. d4 d5 2. g3 Nf6 3. Nf3 c5 4. Bg2 cxd4 5. 0-0 Bd7 6. Nxd4 e5 7. Nb3 Bc6 8. c4 d4 9. e3 Bxg2 10. Kxg2 Nc6 11. exd4 exd4 12. N1d2 Qd7 13. Nf3 Rd8 14. Bg5 Be7 15. Bxf6 Bxf6 16. Re1+ Be7 17. Nc5 Qc8 18. Nd3 0-0 19. Nf4 Bb4 20. Re2 d3 21. Re3 d2 22. a3 Bc5 23. Re4 a5 24. Nd5 f5 25. Rh4 Ne7 26. Qxd2 Ng6 27. Rh5 f4 28. Rg5 fxg3 29. hxg3 Rf7 30. Ne5 Rxf2+ 31. Qxf2 Bxf2 32. Nxg6 Qe6 33. Ngf4 Qe4+ 34. Kxf2 Qd4+ 35. Kf3 Re8 36. Rc1 h6 37. Rg6 Re5 38. b3 1/2-1/2

[Event "SA-2017-0-00562"]
[Site "LSS email"]
[Date "2017.01.31"]
[Round "?"]
[White "Mary, Patrick"]
[Black "Almeraya, Eduardo"]
[Result "1/2-1/2"]
[WhiteElo "2136"]
[BlackElo "2178"]
[PlyCount "93"]
[EventDate "2017.01.01"]
[EventType "tourn (corr)"]
[EventRounds "6"]
[EventCountry "GER"]
[SourceTitle "Corr 2022"]
[Source "ChessBase"]
[SourceDate "2021.10.24"]
[SourceVersion "1"]
[SourceVersionDate "2021.10.24"]
[SourceQuality "1"]

1. d4 g6 2. e4 Bg7 3. Nf3 d6 4. Nc3 a6 5. Be2 b5 6. 0-0 Bb7 7. a4 b4 8. Nd5 Nf6 9. Nxf6+ exf6 10. Bd3 0-0 11. c3 d5 12. exd5 Bxd5 13. Re1 f5 14. Bg5 Qc8 15. Nd2 bxc3 16. bxc3 h6 17. Be7 Re8 18. Nc4 a5 19. Qb3 Nd7 20. Qb5 c6 21. Qb1 Qc7 22. Bd6 Qa7 23. Bf1 Rxe1 24. Qxe1 c5 25. Na3 Qb6 26. Nb5 Rc8 27. Bf4 cxd4 28. cxd4 Nf6 29. Bd2 Ra8 30. Rb1 g5 31. Nc3 Qxd4 32. Nxd5 Qxd5 33. Rb5 Qd7 34. Bc3 Ne4 35. Bxg7 Kxg7 36. Rxa5 Rc8 37. Qb1 Nd2 38. Qa1+ Kh7 39. Rb5 g4 40. Rb6 Qe7 41. Rb5 Nxf1 42. Qxf1 Qa3 43. Rd5 Rc2 44. g3 Ra2 45. h3 Qf3 46. Qg2 Qxg2+ 47. Kxg2 1/2-1/2

[Event "SA-2017-0-00562"]
[Site "LSS email"]
[Date "2017.01.31"]
[Round "?"]
[White "Vodicka, Milan"]
[Black "Mary, Patrick"]
[Result "1-0"]
[WhiteElo "2128"]
[BlackElo "2136"]
[PlyCount "113"]
[EventDate "2017.01.01"]
[EventType "tourn (corr)"]
[EventRounds "6"]
[EventCountry "GER"]
[SourceTitle "Corr 2022"]
[Source "ChessBase"]
[SourceDate "2021.10.24"]
[SourceVersion "1"]
[SourceVersionDate "2021.10.24"]
[SourceQuality "1"]

1. e4 e5 2. Nf3 Nc6 3. Bb5 a6 4. Ba4 Nf6 5. 0-0 Be7 6. Re1 b5 7. Bb3 0-0 8. c3 d6 9. h3 Na5 10. Bc2 c5 11. d4 cxd4 12. cxd4 Bb7 13. d5 Qc7 14. Nbd2 Rac8 15. Bd3 Nd7 16. Nf1 f5 17. Ng3 f4 18. Nf5 Bd8 19. b3 Nc5 20. Bb2 b4 21. Rc1 Bf6 22. Qd2 Qb6 23. Nxd6 Qxd6 24. Qxb4 Ba8 25. Bxa6 Nab7 26. Bf1 Nd7 27. Qxd6 Nxd6 28. Nd2 Be7 29. a4 Nf7 30. Bb5 Nf6 31. f3 Bb4 32. Rxc8 Rxc8 33. Rd1 Bc3 34. Rc1 Bd4+ 35. Kf1 Rxc1+ 36. Bxc1 Nd6 37. Bc6 Bxc6 38. dxc6 Kf7 39. b4 Nfe8 40. Ke2 Ke6 41. Kd3 Nc7 42. Nb3 Bf2 43. Ba3 Bb6 44. b5 Ndxb5 45. axb5 Nxb5 46. Bc5 Bxc5 47. Kc4 Nd4 48. Nxc5+ Kd6 49. c7 Kxc7 50. Kd5 Nc2 51. Ne6+ Kd7 52. Nxg7 Ne3+ 53. Kxe5 Ke7 54. Nf5+ Kf7 55. Nh4 Nc2 56. Kxf4 Nd4 57. Ke5 1-0

[Event "WC-2017-P-00003"]
[Site "LSS email"]
[Date "2017.01.23"]
[Round "?"]
[White "Bendig, Frank"]
[Black "Mary, Patrick"]
[Result "1-0"]
[WhiteElo "2191"]
[BlackElo "2132"]
[PlyCount "117"]
[EventDate "2017.02.01"]
[EventType "tourn (corr)"]
[EventRounds "12"]
[EventCountry "GER"]
[SourceTitle "Corr 2022"]
[Source "ChessBase"]
[SourceDate "2021.10.24"]
[SourceVersion "1"]
[SourceVersionDate "2021.10.24"]
[SourceQuality "1"]

1. b3 e5 2. Bb2 Nc6 3. e3 a6 4. Nf3 e4 5. Nd4 Nxd4 6. Bxd4 d5 7. d3 Nf6 8. Nd2 Be7 9. dxe4 dxe4 10. c4 c5 11. Bb2 0-0 12. h3 Bd6 13. g4 Qe7 14. Bxf6 gxf6 15. Bg2 Be5 16. Rc1 f5 17. gxf5 Bxf5 18. Bxe4 Bg6 19. Qf3 Rad8 20. Bxb7 Bb2 21. Rd1 Kh8 22. Bd5 Qe5 23. Qe2 Bc2 24. Nf3 Bc3+ 25. Kf1 Bxd1 26. Qxd1 Qf5 27. Ke2 Rg8 28. Qb1 Qf6 29. h4 Rg2 30. Qe4 Rdg8 31. Rc1 R2g7 32. Ng5 Bb4 33. Rb1 Rf8 34. Qf3 Qxf3+ 35. Nxf3 f6 36. h5 Rg4 37. h6 Bc3 38. Rh1 Re8 39. Bf7 Re7 40. Bh5 Rg8 41. Rd1 a5 42. Nh4 a4 43. Nf5 Ra7 44. Nd6 axb3 45. axb3 Rga8 46. Ne4 Bb4 47. Bg4 Ra1 48. Rd7 R1a7 49. Rd5 Ra1 50. Be6 Rh1 51. Nxc5 Bxc5 52. Rxc5 Rxh6 53. b4 Ra2+ 54. Kd3 f5 55. Bxf5 Rb6 56. b5 Rxf2 57. e4 Rb7 58. Rc6 Rf3+ 59. Kd4 1-0

[Event "WC-2017-P-00003"]
[Site "LSS email"]
[Date "2017.01.23"]
[Round "?"]
[White "Germanes, Ramil"]
[Black "Mary, Patrick"]
[Result "1/2-1/2"]
[WhiteElo "2329"]
[BlackElo "2132"]
[PlyCount "81"]
[EventDate "2017.02.01"]
[EventType "tourn (corr)"]
[EventRounds "12"]
[EventCountry "GER"]
[SourceTitle "Corr 2022"]
[Source "ChessBase"]
[SourceDate "2021.10.24"]
[SourceVersion "1"]
[SourceVersionDate "2021.10.24"]
[SourceQuality "1"]

1. e4 e5 2. Nf3 Nc6 3. Bb5 Nf6 4. d3 d6 5. 0-0 Be7 6. c3 a6 7. Ba4 0-0 8. Re1 b5 9. Bc2 d5 10. Nbd2 dxe4 11. dxe4 Be6 12. a4 b4 13. Qe2 Ne8 14. Rd1 Qc8 15. Nc4 f6 16. Nfd2 Rb8 17. h3 Kh8 18. Bd3 Ra8 19. a5 Bc5 20. Nf1 Nd6 21. Nxd6 Bxd6 22. Ne3 Bb3 23. Re1 Qb7 24. Nf5 Rfd8 25. Bc4 Bxc4 26. Qxc4 Ne7 27. Nxd6 cxd6 28. Qb3 d5 29. exd5 Rxd5 30. Be3 Rad8 31. cxb4 Rb5 32. Qe6 Nd5 33. Rad1 Qc8 34. Qf7 Rb7 35. Qxd5 Rxd5 36. Rxd5 h5 37. b5 Rxb5 38. Rxb5 axb5 39. b4 Kh7 40. Bc5 h4 41. Rd1 1/2-1/2

[Event "WC-2017-P-00003"]
[Site "LSS email"]
[Date "2017.01.23"]
[Round "?"]
[White "Mary, Patrick"]
[Black "Germanes, Ramil"]
[Result "1/2-1/2"]
[WhiteElo "2132"]
[BlackElo "2329"]
[PlyCount "38"]
[EventDate "2017.02.01"]
[EventType "tourn (corr)"]
[EventRounds "12"]
[EventCountry "GER"]
[SourceTitle "Corr 2022"]
[Source "ChessBase"]
[SourceDate "2021.10.24"]
[SourceVersion "1"]
[SourceVersionDate "2021.10.24"]
[SourceQuality "1"]

1. e4 c5 2. Nf3 Nc6 3. Bb5 g6 4. 0-0 Bg7 5. Nc3 d6 6. e5 dxe5 7. Re1 Qc7 8. Bxc6+ bxc6 9. h3 Nf6 10. Qe2 Nd5 11. Nxe5 Nb4 12. d3 Bxe5 13. Qxe5 Qxe5 14. Rxe5 Nxc2 15. Rb1 f6 16. Rxc5 Bf5 17. Rxc6 Nd4 18. Rc7 Bxd3 19. Ra1 Nc2 1/2-1/2

[Event "WC-2017-P-00003"]
[Site "LSS email"]
[Date "2017.01.23"]
[Round "?"]
[White "Mary, Patrick"]
[Black "Zielinski, Sergej"]
[Result "1/2-1/2"]
[WhiteElo "2132"]
[BlackElo "2236"]
[PlyCount "61"]
[EventDate "2017.02.01"]
[EventType "tourn (corr)"]
[EventRounds "12"]
[EventCountry "GER"]
[SourceTitle "Corr 2022"]
[Source "ChessBase"]
[SourceDate "2021.10.24"]
[SourceVersion "1"]
[SourceVersionDate "2021.10.24"]
[SourceQuality "1"]

1. e4 e5 2. Nf3 Nc6 3. Bc4 Bc5 4. 0-0 Nf6 5. d3 d6 6. Bg5 h6 7. Bxf6 Qxf6 8. Nc3 Ne7 9. d4 exd4 10. e5 Qg6 11. Nb5 0-0 12. Nxc7 Rb8 13. Bd3 Qh5 14. exd6 Ng6 15. Bxg6 fxg6 16. Nb5 Bg4 17. Nbxd4 Bxd6 18. Qd3 Rbd8 19. Qb3+ Kh8 20. Rfe1 g5 21. h3 Bxh3 22. gxh3 g4 23. hxg4 Qxg4+ 24. Kf1 Bc5 25. Rad1 Bxd4 26. Rxd4 Rxd4 27. Nxd4 Qxd4 28. Re2 b6 29. c3 Qd3 30. c4 Qb1+ 31. Re1 1/2-1/2

[Event "WC-2017-P-00003"]
[Site "LSS email"]
[Date "2017.01.23"]
[Round "?"]
[White "Sandocal, Uzmir"]
[Black "Mary, Patrick"]
[Result "0-1"]
[WhiteElo "1725"]
[BlackElo "2132"]
[PlyCount "96"]
[EventDate "2017.02.01"]
[EventType "tourn (corr)"]
[EventRounds "12"]
[EventCountry "GER"]
[SourceTitle "Corr 2022"]
[Source "ChessBase"]
[SourceDate "2021.10.24"]
[SourceVersion "1"]
[SourceVersionDate "2021.10.24"]
[SourceQuality "1"]

1. b3 d5 2. Bb2 c5 3. f4 Nf6 4. Nf3 g6 5. e3 Bg7 6. Nc3 0-0 7. Na4 b6 8. c4 e6 9. cxd5 exd5 10. Bb5 c4 11. Bd4 Ne4 12. Bxg7 Kxg7 13. d3 Nf6 14. Ne5 a6 15. Bc6 Nxc6 16. Nxc6 Qc7 17. Ne5 b5 18. Nc3 Qb6 19. Qd2 d4 20. exd4 b4 21. dxc4 bxc3 22. Qxc3 Ne4 23. Qe3 Qa5+ 24. Kf1 Nd6 25. Nc6 Qc7 26. Qe5+ f6 27. Qe7+ Qxe7 28. Nxe7 Bb7 29. c5 Ne4 30. c6 Rae8 31. Nxg6 Kxg6 32. cxb7 Rf7 33. g3 Rxb7 34. Kg2 Nc3 35. Rhf1 Re4 36. Rf2 Rxd4 37. Rc1 Rd3 38. Rcc2 Nd1 39. Rfd2 Rbd7 40. Rxd3 Rxd3 41. Rc6 Rd2+ 42. Kf3 Rf2+ 43. Ke4 Rxh2 44. a4 Rb2 45. Rxa6 Rxb3 46. Ra8 Rb4+ 47. Kf3 h5 48. a5 Ra4 0-1